000
00278nam a2200097Ia 4500
001
658095
005
20250826154628.0
008
250824s9999 xx 000 0 und d
245
0
_a
İSLAMİ TEBLİĞİN MEKKE DÖNEMİ VE İŞKENCE
_c
İHSAN SÜRAYYA SIRMA
260
_b
BEYAN YAYINLARI
999
_c
658095
_d
658095